Click to Translate: Faroese - Statistics

General Stats
  • This quiz has been taken 42 times
  • The average score is 13 of 25
Answer Stats
Hint Answer % Correct
bone bein
87%
moon máni
87%
yellow gulur
67%
if um
67%
tooth tonn
60%
wing vongur
60%
walk ganga
53%
dig grava
53%
woman kona
53%
leaf leyvsblað
53%
hit sláa
53%
road vegur
53%
fire eldur
47%
skin húð
47%
guts innvølur
47%
correct rættur
47%
cut skera
47%
dirty skitin
47%
forest skógur
47%
smell lukta
40%
pull toga
40%
fight berjast
33%
scratch klóra
33%
short stuttur
33%
warm lýggjur
27%
No matching quizzes found
Score Distribution
Percent of People with Each Score
Percentile by Number Answered
Your Score History
You have not taken this quiz